Statistics for Top 15 Celebrities Born In 1929&1928

Click here to take the quiz!

General Stats

  • This quiz has been taken 105 times
  • The average score is 7 of 15

Answer Stats

Answer% Correct
Martin Luther King Jr.
99%
Anne Frank
94%
Audrey Hepburn
85%
Andy Warhol
68%
Grace Kelly
51%
Christopher Plummer
49%
Bob Newhart
41%
Ed Asner
32%
Barbara Walters
30%
Shirley Temple
25%
Adam West
24%
Maya Angelou
21%
Ethel Kennedy
14%
James Hong
13%
Estelle Harris
10%

Score Distribution

Percentile by Number Answered

Percent of People with Each Score

Your Score History

You have not taken this quiz